Surveyors acting as independent experts in commercial property rent reviews in Scotland (Record no. 115280)
[ view plain ]
| 000 -LEADER | |
|---|---|
| fixed length control field | 01647cad a22002895a 4500 |
| 001 - CONTROL NUMBER | |
| control field | L158360 |
| 008 - FIXED-LENGTH DATA ELEMENTS--GENERAL INFORMATION | |
| fixed length control field | 140307s2015 xxk f 000 0 eng d |
| 020 ## - INTERNATIONAL STANDARD BOOK NUMBER | |
| International Standard Book Number | 9781783210886 |
| 035 ## - SYSTEM CONTROL NUMBER | |
| System control number | (Sirsi) u158360 |
| 041 0# - LANGUAGE CODE | |
| Language code of text/sound track or separate title | eng |
| 110 2# - MAIN ENTRY--CORPORATE NAME | |
| Corporate name or jurisdiction name as entry element | Royal Institution of Chartered Surveyors |
| 9 (RLIN) | 4900 |
| 245 00 - TITLE STATEMENT | |
| Title | Surveyors acting as independent experts in commercial property rent reviews in Scotland |
| Remainder of title | RICS guidance note |
| Medium | [electronic resource] |
| 250 ## - EDITION STATEMENT | |
| Edition statement | 9th edition |
| 260 ## - PUBLICATION, DISTRIBUTION, ETC. | |
| Place of publication, distribution, etc. | London |
| Name of publisher, distributor, etc. | RICS |
| Date of publication, distribution, etc. | 2015 |
| 300 ## - PHYSICAL DESCRIPTION | |
| Extent | 46 p. |
| 490 #0 - SERIES STATEMENT | |
| Series statement | RICS Guidance Note |
| 520 ## - SUMMARY, ETC. | |
| Summary, etc. | Offers guidance to chartered surveyors who are appointed either by the chairman of RICS Scotland, or directly by the parties to a dispute, to act as an independent expert to determine their dispute. It is also intended to assist the parties themselves and those acting for them by making them aware of the procedures likely to be followed. Examines the nature of expert determinations, the powers and duties of independent experts, conflicts of interest, terms of engagement, evidence, determinations, fees, costs and post determinations. |
| 520 ## - SUMMARY, ETC. | |
| Summary, etc. | SUPERSEDES 8th edition Surveyors Acting as Arbiter or as Independent Expert in Commercial Property Rent Reviews (2002). |
| 590 ## - LOCAL NOTE (RLIN) | |
| Local note | KA |
| 651 #4 - SUBJECT ADDED ENTRY--GEOGRAPHIC NAME | |
| Geographic name | Scotland |
| 690 ## - LOCAL SUBJECT ADDED ENTRY--TOPICAL TERM (OCLC, RLIN) | |
| Topical term or geographic name as entry element | Commercial property |
| 9 (RLIN) | 6227 |
| 700 1# - ADDED ENTRY--PERSONAL NAME | |
| Personal name | Reeves, Brian |
| 700 1# - ADDED ENTRY--PERSONAL NAME | |
| Personal name | Clearie, Fraser |
| 700 1# - ADDED ENTRY--PERSONAL NAME | |
| Personal name | Pritchard, Ken |
| 856 40 - ELECTRONIC LOCATION AND ACCESS | |
| Uniform Resource Identifier | <a href="https://www.rics.org/content/dam/ricsglobal/documents/standards/Surveyors_Acting_As_Independent_Experts_In_Commercial_Property_Rent_Reviews_In_Scotland_9th_Edition.pdf">https://www.rics.org/content/dam/ricsglobal/documents/standards/Surveyors_Acting_As_Independent_Experts_In_Commercial_Property_Rent_Reviews_In_Scotland_9th_Edition.pdf</a> |
| Public note | Available free on RICS.org |
| 942 ## - ADDED ENTRY ELEMENTS (KOHA) | |
| Suppress in OPAC | 0 |
| Source of classification or shelving scheme | Dewey Decimal Classification |
| Withdrawn status | Lost status | Source of classification or shelving scheme | Damaged status | Not for loan | Home library | Current library | Shelving location | Date acquired | Total Checkouts | Full call number | Barcode | Date last seen | Copy number | Price effective from | Koha item type |
|---|---|---|---|---|---|---|---|---|---|---|---|---|---|---|---|
| Dewey Decimal Classification | Virtual | Virtual | Online | 15/01/2015 | ONLINE PUBLICATION | 158360-2001 | 28/04/2023 | 1 | 06/08/2019 | Book |